[Event "Girls U14 Polish Youth Championship"]
[Site "chess24.com"]
[Date "2018.05.03"]
[Round "7"]
[White "Wojtas, Julia"]
[Black "Libura, Julianna"]
[Result "1/2-1/2"]
[Board "10"]
[WhiteElo "1436"]
[WhiteCountry "POL"]
[WhiteFideId "21825394"]
[WhiteEloChange "1"]
[BlackElo "1466"]
[BlackCountry "POL"]
[BlackFideId "21820708"]
[BlackEloChange "-1"]

1. e4 {[%clk 1:30:59]} c5 {[%clk 1:30:51]} 2. Nc3 {[%clk 1:31:21]} Nc6 {[%clk
1:30:48]} 3. Bb5 {[%clk 1:31:19]} Nd4 {[%clk 1:26:28]} 4. Bc4 {[%clk 1:30:50]} a6
{[%clk 1:24:58]} 5. a4 {[%clk 1:27:57]} e6 {[%clk 1:24:08]} 6. Nge2 {[%clk
1:26:41]} Qc7 {[%clk 1:17:30]} 7. O-O {[%clk 1:24:09]} g6 {[%clk 1:16:58]} 8. d3
{[%clk 1:22:43]} Bg7 {[%clk 1:16:54]} 9. f4 {[%clk 1:17:09]} Ne7 {[%clk 1:16:19]}
10. Nxd4 {[%clk 1:14:18]} cxd4 {[%clk 1:15:50]} 11. Ne2 {[%clk 1:14:23]} O-O
{[%clk 1:13:40]} 12. Bb3 {[%clk 1:10:46]} d5 {[%clk 1:11:47]} 13. exd5 {[%clk
1:09:40]} Nxd5 {[%clk 1:11:42]} 14. Bxd5 {[%clk 1:09:45]} exd5 {[%clk 1:12:02]}
15. Ng3 {[%clk 1:07:18]} f5 {[%clk 1:11:13]} 16. b3 {[%clk 1:02:55]} Bd7 {[%clk
1:10:20]} 17. Qf3 {[%clk 1:01:38]} Rfe8 {[%clk 1:07:59]} 18. Qf2 {[%clk 0:57:01]}
Rac8 {[%clk 1:06:57]} 19. Ra2 {[%clk 0:51:54]} Re6 {[%clk 1:02:51]} 20. Ne2
{[%clk 0:45:03]} Qc5 {[%clk 1:02:19]} 21. Ba3 {[%clk 0:43:39]} Qb6 {[%clk
1:02:12]} 22. a5 {[%clk 0:39:58]} Qxa5 {[%clk 0:55:05]} 23. Nxd4 {[%clk 0:36:54]}
Ree8 {[%clk 0:54:59]} 24. c4 {[%clk 0:32:37]} dxc4 {[%clk 0:52:26]} 25. dxc4
{[%clk 0:28:57]} Qc3 {[%clk 0:46:18]} 26. Bb2 {[%clk 0:19:39]} Bxd4 {[%clk
0:46:04]} 27. Qxd4 {[%clk 0:18:11]} Qxd4+ {[%clk 0:46:29]} 28. Bxd4 {[%clk
0:18:30]} Re4 {[%clk 0:46:20]} 29. Rd2 {[%clk 0:18:26]} Bc6 {[%clk 0:45:56]} 30.
Be5 {[%clk 0:13:16]} Kf7 {[%clk 0:45:30]} 1/2-1/2

[Event "Girls U14 Polish Youth Championship"]
[Site "chess24.com"]
[Date "2018.05.03"]
[Round "7"]
[White "Krzyzosiak, Anna"]
[Black "Siekanska, Zuzanna"]
[Result "1/2-1/2"]
[Board "11"]
[WhiteElo "1552"]
[WhiteCountry "POL"]
[WhiteFideId "21820430"]
[WhiteEloChange "-3"]
[BlackElo "1434"]
[BlackCountry "POL"]
[BlackFideId "21852537"]
[BlackEloChange "3"]

1. e4 {[%clk 1:30:57]} c5 {[%clk 1:30:46]} 2. Nf3 {[%clk 1:31:21]} e6 {[%clk
1:31:12]} 3. d4 {[%clk 1:31:42]} cxd4 {[%clk 1:31:35]} 4. Nxd4 {[%clk 1:32:07]}
Nf6 {[%clk 1:31:54]} 5. Nc3 {[%clk 1:32:09]} d6 {[%clk 1:32:09]} 6. Be3 {[%clk
1:31:59]} a6 {[%clk 1:32:26]} 7. f3 {[%clk 1:31:52]} b5 {[%clk 1:32:30]} 8. a3
{[%clk 1:28:09]} Nbd7 {[%clk 1:31:44]} 9. Qd2 {[%clk 1:23:59]} Bb7 {[%clk
1:30:08]} 10. O-O-O {[%clk 1:21:50]} Nb6 {[%clk 1:29:54]} 11. g4 {[%clk 1:19:12]}
Rc8 {[%clk 1:29:26]} 12. h4 {[%clk 1:18:01]} Be7 {[%clk 1:29:20]} 13. h5 {[%clk
1:14:39]} Nfd7 {[%clk 1:25:48]} 14. g5 {[%clk 1:10:10]} d5 {[%clk 1:24:35]} 15.
exd5 {[%clk 0:54:53]} Bxd5 {[%clk 1:22:13]} 16. Rg1 {[%clk 0:47:37]} b4 {[%clk
1:16:21]} 17. Nxd5 {[%clk 0:43:09]} Nxd5 {[%clk 1:15:59]} 18. g6 {[%clk 0:31:27]}
Nf8 {[%clk 1:05:51]} 19. gxf7+ {[%clk 0:31:24]} Kxf7 {[%clk 1:05:54]} 20. Nxe6
{[%clk 0:23:28]} Nxe6 {[%clk 1:04:33]} 21. Qxd5 {[%clk 0:23:51]} Qxd5 {[%clk
1:01:07]} 22. Rxd5 {[%clk 0:24:16]} bxa3 {[%clk 1:00:18]} 23. bxa3 {[%clk
0:19:44]} Bxa3+ {[%clk 1:00:28]} 24. Kb1 {[%clk 0:19:50]} Rc3 {[%clk 0:58:26]}
25. Rd3 {[%clk 0:17:44]} Rb8+ {[%clk 0:54:03]} 26. Ka1 {[%clk 0:14:49]} Bb2+
{[%clk 0:53:29]} 27. Ka2 {[%clk 0:15:08]} Rxc2 {[%clk 0:51:43]} 28. Rd2 {[%clk
0:15:05]} Rxd2 {[%clk 0:51:23]} 29. Bxd2 {[%clk 0:15:30]} Bd4 {[%clk 0:51:35]}
30. Rg2 {[%clk 0:15:34]} Rb2+ {[%clk 0:51:14]} 31. Ka3 {[%clk 0:15:54]} Rb6
{[%clk 0:46:16]} 32. Bc4 {[%clk 0:12:31]} Rc6 {[%clk 0:44:00]} 33. Bb3 {[%clk
0:11:20]} 1/2-1/2

[Event "Girls U14 Polish Youth Championship"]
[Site "chess24.com"]
[Date "2018.05.03"]
[Round "7"]
[White "Bugaj, Hanna"]
[Black "Mirowska, Oliwia"]
[Result "1/2-1/2"]
[Board "12"]
[WhiteElo "1427"]
[WhiteCountry "POL"]
[WhiteFideId "21829870"]
[WhiteEloChange "2"]
[BlackElo "1492"]
[BlackCountry "POL"]
[BlackFideId "21807574"]
[BlackEloChange "-2"]

1. d4 {[%clk 1:30:56]} d5 {[%clk 1:30:52]} 2. Nf3 {[%clk 1:31:13]} e6 {[%clk
1:31:13]} 3. e3 {[%clk 1:31:30]} c6 {[%clk 1:31:34]} 4. Bd3 {[%clk 1:31:41]} f5
{[%clk 1:31:45]} 5. Nbd2 {[%clk 1:31:34]} Nf6 {[%clk 1:31:59]} 6. b3 {[%clk
1:28:20]} Bd6 {[%clk 1:30:25]} 7. Bb2 {[%clk 1:25:57]} Nbd7 {[%clk 1:29:19]} 8.
O-O {[%clk 1:20:22]} O-O {[%clk 1:27:28]} 9. Ne5 {[%clk 1:18:49]} Bxe5 {[%clk
1:25:44]} 10. dxe5 {[%clk 1:19:07]} Ng4 {[%clk 1:25:15]} 11. Nf3 {[%clk 1:12:47]}
Qc7 {[%clk 1:21:14]} 12. Be2 {[%clk 0:52:33]} Ndxe5 {[%clk 1:21:07]} 13. Nxe5
{[%clk 0:52:48]} Nxe5 {[%clk 1:21:22]} 14. Qd4 {[%clk 0:52:52]} Ng6 {[%clk
1:21:08]} 15. f4 {[%clk 0:52:26]} c5 {[%clk 1:17:28]} 16. Qd2 {[%clk 0:46:37]} b6
{[%clk 1:14:44]} 17. Bh5 {[%clk 0:35:27]} Bb7 {[%clk 1:05:29]} 18. Bxg6 {[%clk
0:30:32]} hxg6 {[%clk 1:05:49]} 19. Be5 {[%clk 0:30:43]} Qc6 {[%clk 1:04:31]} 20.
Rf3 {[%clk 0:27:33]} Rad8 {[%clk 1:00:07]} 21. c3 {[%clk 0:26:36]} Kf7 {[%clk
0:57:01]} 22. Rg3 {[%clk 0:25:22]} Rh8 {[%clk 0:56:03]} 23. Qf2 {[%clk 0:24:14]}
Rh6 {[%clk 0:55:33]} 24. h3 {[%clk 0:23:19]} Rdh8 {[%clk 0:55:02]} 25. Kh2 {[%clk
0:19:01]} a6 {[%clk 0:40:03]} 26. Rh1 {[%clk 0:15:27]} Qb5 {[%clk 0:34:20]} 27.
Rg5 {[%clk 0:07:16]} Qd3 {[%clk 0:33:22]} 28. Rg3 {[%clk 0:06:31]} Qe4 {[%clk
0:32:09]} 29. Rg1 {[%clk 0:05:28]} R8h7 {[%clk 0:29:26]} 30. Qe2 {[%clk 0:04:34]}
Rh4 {[%clk 0:28:34]} 31. Rd1 {[%clk 0:03:39]} R4h5 {[%clk 0:26:59]} 32. Bc7
{[%clk 0:03:12]} b5 {[%clk 0:26:12]} 33. Bd6 {[%clk 0:00:59]} c4 {[%clk 0:22:29]}
34. Rd4 {[%clk 0:00:54]} Qb1 {[%clk 0:22:42]} 35. Rd1 {[%clk 0:01:17]} Qe4 {[%clk
0:22:06]} 36. Rd4 {[%clk 0:00:56]} Qb1 {[%clk 0:21:59]} 37. Rd1 {[%clk 0:00:41]}
Qe4 {[%clk 0:22:17]} 38. Rd4 {[%clk 0:00:36]} 1/2-1/2

[Event "Girls U14 Polish Youth Championship"]
[Site "chess24.com"]
[Date "2018.05.03"]
[Round "7"]
[White "Szczypawka, Aleksandra"]
[Black "Wawrzyniak, Weronika"]
[Result "0-1"]
[Board "13"]
[WhiteElo "1483"]
[WhiteCountry "POL"]
[WhiteFideId "21816794"]
[WhiteEloChange "-13"]
[BlackElo "1377"]
[BlackCountry "POL"]
[BlackFideId "21817596"]
[BlackEloChange "13"]

1. e4 {[%clk 1:30:58]} c5 {[%clk 1:30:48]} 2. Nc3 {[%clk 1:31:23]} Nc6 {[%clk
1:31:00]} 3. f4 {[%clk 1:31:48]} g6 {[%clk 1:31:08]} 4. Nf3 {[%clk 1:32:08]} Bg7
{[%clk 1:31:13]} 5. g3 {[%clk 1:31:54]} e6 {[%clk 1:30:46]} 6. Bg2 {[%clk
1:32:09]} Nge7 {[%clk 1:30:54]} 7. O-O {[%clk 1:30:58]} O-O {[%clk 1:29:21]} 8.
d3 {[%clk 1:30:00]} d6 {[%clk 1:23:45]} 9. g4 {[%clk 1:24:33]} f5 {[%clk
1:16:17]} 10. h3 {[%clk 1:13:15]} Rb8 {[%clk 1:11:52]} 11. Qe1 {[%clk 1:06:22]}
Nd4 {[%clk 1:10:05]} 12. Nxd4 {[%clk 0:53:17]} Bxd4+ {[%clk 1:10:22]} 13. Kh1
{[%clk 0:52:38]} b5 {[%clk 1:06:53]} 14. Ne2 {[%clk 0:47:46]} Bg7 {[%clk
1:06:58]} 15. c3 {[%clk 0:42:40]} a5 {[%clk 1:03:23]} 16. b3 {[%clk 0:37:56]} Bb7
{[%clk 1:00:58]} 17. Ng3 {[%clk 0:37:33]} b4 {[%clk 0:57:37]} 18. Bb2 {[%clk
0:37:46]} Qd7 {[%clk 0:55:48]} 19. Rb1 {[%clk 0:36:39]} bxc3 {[%clk 0:52:59]} 20.
Bxc3 {[%clk 0:36:53]} Bxc3 {[%clk 0:52:29]} 21. Qxc3 {[%clk 0:37:15]} Ba6 {[%clk
0:52:08]} 22. gxf5 {[%clk 0:34:05]} exf5 {[%clk 0:49:25]} 23. exf5 {[%clk
0:34:08]} Bb7 {[%clk 0:44:38]} 24. fxg6 {[%clk 0:24:06]} Qxh3+ {[%clk 0:42:33]}
0-1

[Event "Girls U14 Polish Youth Championship"]
[Site "chess24.com"]
[Date "2018.05.03"]
[Round "7"]
[White "Jedrzejko, Martyna"]
[Black "Mrozek, Zofia"]
[Result "1-0"]
[Board "14"]
[WhiteElo "1482"]
[WhiteCountry "POL"]
[WhiteFideId "21820422"]
[WhiteEloChange "4"]
[BlackElo "1234"]
[BlackCountry "POL"]
[BlackFideId "21855986"]
[BlackEloChange "-4"]

1. e4 {[%clk 1:30:57]} c5 {[%clk 1:30:48]} 2. Nf3 {[%clk 1:31:13]} d6 {[%clk
1:30:50]} 3. d4 {[%clk 1:31:20]} cxd4 {[%clk 1:30:55]} 4. Nxd4 {[%clk 1:31:29]}
Nf6 {[%clk 1:30:56]} 5. Nc3 {[%clk 1:31:19]} g6 {[%clk 1:30:51]} 6. Be3 {[%clk
1:31:29]} Bg7 {[%clk 1:30:41]} 7. f3 {[%clk 1:31:39]} O-O {[%clk 1:30:55]} 8. Qd2
{[%clk 1:31:08]} Nc6 {[%clk 1:31:11]} 9. O-O-O {[%clk 1:30:24]} d5 {[%clk
1:28:22]} 10. Qe1 {[%clk 1:30:04]} Qa5 {[%clk 1:21:23]} 11. Nb3 {[%clk 1:24:50]}
Qc7 {[%clk 1:16:43]} 12. exd5 {[%clk 1:23:19]} Na5 {[%clk 1:08:37]} 13. Nd4
{[%clk 1:10:17]} Nc4 {[%clk 1:06:58]} 14. Ndb5 {[%clk 1:08:36]} Qa5 {[%clk
0:58:42]} 15. Bxc4 {[%clk 1:07:56]} a6 {[%clk 0:58:33]} 16. Nd4 {[%clk 1:06:55]}
Qc7 {[%clk 0:56:53]} 17. Bb3 {[%clk 1:01:25]} Rd8 {[%clk 0:55:20]} 18. g4 {[%clk
0:57:14]} b5 {[%clk 0:51:36]} 19. Nc6 {[%clk 0:50:50]} Rd7 {[%clk 0:51:19]} 20.
Qg3 {[%clk 0:49:12]} Qb7 {[%clk 0:48:28]} 21. Ne5 {[%clk 0:46:57]} Rd8 {[%clk
0:47:46]} 22. d6 {[%clk 0:38:51]} Rf8 {[%clk 0:45:38]} 23. d7 {[%clk 0:25:22]}
Bxd7 {[%clk 0:44:01]} 24. Nxd7 {[%clk 0:25:18]} Nxd7 {[%clk 0:44:25]} 25. Bd5
{[%clk 0:24:56]} Qc8 {[%clk 0:43:25]} 26. Bxa8 {[%clk 0:24:30]} Qxa8 {[%clk
0:43:29]} 27. Rxd7 {[%clk 0:24:43]} e6 {[%clk 0:43:16]} 28. Bd4 {[%clk 0:23:17]}
Bxd4 {[%clk 0:42:14]} 29. Rxd4 {[%clk 0:23:38]} Qc6 {[%clk 0:42:38]} 30. Rhd1
{[%clk 0:23:26]} Qc5 {[%clk 0:42:41]} 31. Ne4 {[%clk 0:23:01]} Qc6 {[%clk
0:42:49]} 32. Nf6+ {[%clk 0:23:02]} Kg7 {[%clk 0:43:08]} 33. Qe5 {[%clk 0:22:23]}
Rc8 {[%clk 0:43:10]} 34. Nh5+ {[%clk 0:19:28]} Kh6 {[%clk 0:42:43]} 35. Qf4+
{[%clk 0:18:41]} g5 {[%clk 0:43:02]} 36. Qf6# {[%clk 0:19:05]} 1-0

[Event "Girls U14 Polish Youth Championship"]
[Site "chess24.com"]
[Date "2018.05.03"]
[Round "7"]
[White "Sokol, Maria"]
[Black "Bienko, Jagoda"]
[Result "1/2-1/2"]
[Board "15"]
[WhiteElo "1401"]
[WhiteCountry "POL"]
[WhiteFideId "21823383"]
[WhiteEloChange "2"]
[BlackElo "1476"]
[BlackCountry "POL"]
[BlackFideId "1194569"]
[BlackEloChange "-2"]

1. e4 {[%clk 1:30:30]} c5 {[%clk 1:30:43]} 2. Nf3 {[%clk 1:30:54]} d6 {[%clk
1:30:47]} 3. c3 {[%clk 1:31:09]} Nf6 {[%clk 1:31:02]} 4. h3 {[%clk 1:29:24]} Nc6
{[%clk 1:31:21]} 5. Bd3 {[%clk 1:29:23]} g6 {[%clk 1:31:10]} 6. Bc2 {[%clk
1:28:20]} Bg7 {[%clk 1:31:09]} 7. O-O {[%clk 1:28:24]} O-O {[%clk 1:28:54]} 8. d4
{[%clk 1:25:33]} a5 {[%clk 1:24:34]} 9. a4 {[%clk 1:22:40]} b6 {[%clk 1:17:53]}
10. d5 {[%clk 1:14:39]} Ne5 {[%clk 1:16:32]} 11. Nxe5 {[%clk 1:13:51]} dxe5
{[%clk 1:16:51]} 12. Nd2 {[%clk 1:13:55]} e6 {[%clk 1:16:02]} 13. c4 {[%clk
1:14:09]} exd5 {[%clk 1:15:56]} 14. cxd5 {[%clk 1:14:28]} Ne8 {[%clk 1:13:59]}
15. Nf3 {[%clk 1:13:40]} Nd6 {[%clk 1:12:22]} 16. Re1 {[%clk 1:09:01]} Re8 {[%clk
1:05:58]} 17. Bg5 {[%clk 1:04:06]} f6 {[%clk 1:04:49]} 18. Bh4 {[%clk 1:03:33]}
Qc7 {[%clk 1:02:32]} 19. Bg3 {[%clk 1:03:05]} Ba6 {[%clk 0:58:55]} 20. b3 {[%clk
1:01:40]} Rac8 {[%clk 0:50:23]} 21. Rc1 {[%clk 0:57:25]} Qd7 {[%clk 0:50:10]} 22.
Bd3 {[%clk 0:56:29]} c4 {[%clk 0:48:39]} 23. bxc4 {[%clk 0:56:38]} Bxc4 {[%clk
0:47:49]} 24. Bxc4 {[%clk 0:56:52]} Nxc4 {[%clk 0:48:14]} 25. Qb3 {[%clk
0:57:06]} Nd6 {[%clk 0:40:59]} 26. Rxc8 {[%clk 0:57:04]} Nxc8 {[%clk 0:40:09]}
27. Rc1 {[%clk 0:57:23]} Nd6 {[%clk 0:35:23]} 28. Qxb6 {[%clk 0:56:39]} Nxe4
{[%clk 0:32:31]} 29. Qxa5 {[%clk 0:56:48]} Rd8 {[%clk 0:28:55]} 30. Rd1 {[%clk
0:53:06]} Nxg3 {[%clk 0:26:51]} 31. fxg3 {[%clk 0:53:21]} e4 {[%clk 0:26:54]} 32.
Ne1 {[%clk 0:53:30]} e3 {[%clk 0:24:28]} 33. d6 {[%clk 0:51:41]} Bh6 {[%clk
0:19:14]} 34. Rd3 {[%clk 0:51:11]} Re8 {[%clk 0:18:33]} 35. Qc7 {[%clk 0:50:10]}
Rd8 {[%clk 0:17:58]} 36. a5 {[%clk 0:49:27]} Bf8 {[%clk 0:17:18]} 37. Qxd7 {[%clk
0:49:41]} Rxd7 {[%clk 0:17:37]} 38. a6 {[%clk 0:50:06]} Rd8 {[%clk 0:16:20]} 39.
d7 {[%clk 0:50:20]} Bc5 {[%clk 0:15:56]} 40. Kf1 {[%clk 0:50:29]} Kf7 {[%clk
0:16:00]} 41. Ke2 {[%clk 0:50:53]} Ke7 {[%clk 0:15:46]} 42. Nc2 {[%clk 0:51:18]}
Rxd7 {[%clk 0:14:25]} 43. Rxd7+ {[%clk 0:51:26]} Kxd7 {[%clk 0:14:49]} 44. Nxe3
{[%clk 0:51:50]} Kc6 {[%clk 0:15:09]} 45. Ng4 {[%clk 0:52:15]} Be7 {[%clk
0:14:08]} 46. Ke3 {[%clk 0:52:29]} Bc5+ {[%clk 0:11:59]} 47. Kf3 {[%clk 0:52:22]}
Be7 {[%clk 0:12:01]} 48. Ne3 {[%clk 0:52:25]} Bc5 {[%clk 0:11:21]} 49. Ke4 {[%clk
0:51:40]} f5+ {[%clk 0:10:31]} 50. Nxf5 {[%clk 0:51:54]} gxf5+ {[%clk 0:09:52]}
51. Kxf5 {[%clk 0:52:18]} Kb6 {[%clk 0:06:08]} 52. g4 {[%clk 0:52:31]} Kxa6
{[%clk 0:05:22]} 53. g5 {[%clk 0:52:56]} Kb7 {[%clk 0:05:04]} 54. g6 {[%clk
0:53:20]} hxg6+ {[%clk 0:05:29]} 55. Kxg6 {[%clk 0:53:45]} Kc6 {[%clk 0:05:21]}
56. h4 {[%clk 0:53:53]} Kd5 {[%clk 0:04:10]} 57. h5 {[%clk 0:52:05]} Ke4 {[%clk
0:03:57]} 58. g4 {[%clk 0:52:24]} Kf4 {[%clk 0:03:49]} 59. g5 {[%clk 0:52:48]}
Kg4 {[%clk 0:03:13]} 60. h6 {[%clk 0:53:01]} Bd4 {[%clk 0:03:21]} 1/2-1/2

[Event "Girls U14 Polish Youth Championship"]
[Site "chess24.com"]
[Date "2018.05.03"]
[Round "7"]
[White "Anyz, Monika"]
[Black "Pisarek, Elzbieta"]
[Result "0-1"]
[Board "16"]
[WhiteElo "1349"]
[WhiteCountry "POL"]
[WhiteFideId "21816530"]
[WhiteEloChange "-8"]
[BlackElo "1434"]
[BlackCountry "POL"]
[BlackFideId "21826234"]
[BlackEloChange "8"]

1. e4 {[%clk 1:30:56]} c5 {[%clk 1:30:56]} 2. Nf3 {[%clk 1:31:18]} a6 {[%clk
1:31:23]} 3. d4 {[%clk 1:31:34]} cxd4 {[%clk 1:31:48]} 4. Nxd4 {[%clk 1:31:56]}
Nf6 {[%clk 1:32:11]} 5. Nc3 {[%clk 1:32:15]} e5 {[%clk 1:32:31]} 6. Nf3 {[%clk
1:32:23]} Bb4 {[%clk 1:32:40]} 7. Bd2 {[%clk 1:32:33]} d6 {[%clk 1:31:08]} 8. Bd3
{[%clk 1:32:34]} O-O {[%clk 1:30:57]} 9. O-O {[%clk 1:32:49]} Bg4 {[%clk
1:30:49]} 10. h3 {[%clk 1:31:53]} Bh5 {[%clk 1:30:43]} 11. Re1 {[%clk 1:25:04]}
Nc6 {[%clk 1:30:14]} 12. a3 {[%clk 1:24:23]} Bc5 {[%clk 1:30:25]} 13. Bg5 {[%clk
1:23:55]} h6 {[%clk 1:29:15]} 14. Bh4 {[%clk 1:22:47]} g5 {[%clk 1:28:15]} 15.
Bg3 {[%clk 1:22:18]} Nd4 {[%clk 1:27:39]} 16. Be2 {[%clk 1:22:22]} Bg6 {[%clk
1:21:53]} 17. Bc4 {[%clk 1:12:52]} b5 {[%clk 1:18:25]} 18. Bd5 {[%clk 1:09:37]}
Nxd5 {[%clk 1:17:46]} 19. Nxd5 {[%clk 1:09:46]} Bh5 {[%clk 1:16:40]} 20. Re3
{[%clk 0:54:32]} Nxf3+ {[%clk 1:15:57]} 21. Rxf3 {[%clk 0:54:54]} Bxf3 {[%clk
1:15:52]} 22. Qxf3 {[%clk 0:55:15]} Kg7 {[%clk 1:13:13]} 23. h4 {[%clk 0:49:35]}
f6 {[%clk 1:11:24]} 24. Qf5 {[%clk 0:49:19]} Qc8 {[%clk 1:10:48]} 25. Qf3 {[%clk
0:48:33]} Qd7 {[%clk 1:06:49]} 26. Rd1 {[%clk 0:46:02]} g4 {[%clk 1:05:15]} 27.
Qd3 {[%clk 0:45:42]} f5 {[%clk 1:04:05]} 28. Nc3 {[%clk 0:42:37]} f4 {[%clk
1:03:04]} 29. Bh2 {[%clk 0:40:30]} g3 {[%clk 1:01:33]} 30. Bxg3 {[%clk 0:40:52]}
fxg3 {[%clk 1:01:59]} 31. Qxg3+ {[%clk 0:41:14]} Kh7 {[%clk 1:02:09]} 32. Qxe5
{[%clk 0:40:07]} Bxf2+ {[%clk 1:01:11]} 33. Kh1 {[%clk 0:40:31]} dxe5 {[%clk
0:58:29]} 34. Rxd7+ {[%clk 0:40:40]} Kg6 {[%clk 0:58:09]} 35. Rd6+ {[%clk
0:40:43]} Rf6 {[%clk 0:58:11]} 36. Rd5 {[%clk 0:40:53]} Bg3 {[%clk 0:58:07]} 37.
Kg1 {[%clk 0:41:09]} Raf8 {[%clk 0:58:09]} 38. Rd1 {[%clk 0:41:26]} Rf2 {[%clk
0:57:59]} 39. Rc1 {[%clk 0:40:46]} Rd2 {[%clk 0:56:55]} 40. Nd1 {[%clk 0:39:59]}
Rf4 {[%clk 0:56:29]} 41. b3 {[%clk 0:39:38]} Rxe4 {[%clk 0:55:47]} 42. Nc3 {[%clk
0:39:53]} Rxh4 {[%clk 0:56:07]} 43. b4 {[%clk 0:39:29]} Bf2+ {[%clk 0:56:19]} 44.
Kf1 {[%clk 0:39:43]} Rh1# {[%clk 0:56:45]} 0-1

[Event "Girls U14 Polish Youth Championship"]
[Site "chess24.com"]
[Date "2018.05.03"]
[Round "7"]
[White "Cieslak, Jessica"]
[Black "Lukasik, Zuzanna"]
[Result "0-1"]
[Board "17"]
[WhiteElo "1357"]
[WhiteCountry "POL"]
[WhiteFideId "21819521"]
[WhiteEloChange "-5"]
[BlackElo "1568"]
[BlackCountry "POL"]
[BlackFideId "21813906"]
[BlackEloChange "5"]

1. d4 {[%clk 1:30:58]} d5 {[%clk 1:30:48]} 2. c4 {[%clk 1:31:21]} e6 {[%clk
1:31:10]} 3. Nc3 {[%clk 1:31:31]} Nf6 {[%clk 1:31:31]} 4. cxd5 {[%clk 1:31:49]}
exd5 {[%clk 1:31:52]} 5. Bg5 {[%clk 1:32:00]} c6 {[%clk 1:32:04]} 6. e3 {[%clk
1:31:52]} Be7 {[%clk 1:32:00]} 7. Bd3 {[%clk 1:32:06]} Be6 {[%clk 1:31:02]} 8.
Qc2 {[%clk 1:32:13]} Nbd7 {[%clk 1:29:48]} 9. h3 {[%clk 1:30:49]} O-O {[%clk
1:29:17]} 10. Nf3 {[%clk 1:30:52]} Re8 {[%clk 1:26:31]} 11. Bf4 {[%clk 1:30:26]}
Qb6 {[%clk 1:25:45]} 12. O-O {[%clk 1:28:33]} Rac8 {[%clk 1:23:51]} 13. Rac1
{[%clk 1:26:30]} c5 {[%clk 1:18:33]} 14. dxc5 {[%clk 1:26:24]} Nxc5 {[%clk
1:17:59]} 15. Bb5 {[%clk 1:25:25]} Red8 {[%clk 1:17:23]} 16. Qe2 {[%clk 1:23:27]}
a6 {[%clk 1:16:59]} 17. Ba4 {[%clk 1:23:04]} Nfe4 {[%clk 1:14:18]} 18. Bd1 {[%clk
1:20:05]} Bf6 {[%clk 1:11:53]} 19. Be5 {[%clk 1:17:22]} Bxe5 {[%clk 1:07:21]} 20.
Nxe5 {[%clk 1:17:07]} Qa5 {[%clk 1:03:48]} 21. a3 {[%clk 1:12:49]} Nd7 {[%clk
0:56:32]} 22. Bb3 {[%clk 1:10:44]} Nxe5 {[%clk 0:56:12]} 23. Nxe4 {[%clk
1:10:25]} dxe4 {[%clk 0:56:21]} 24. Bxe6 {[%clk 1:10:10]} fxe6 {[%clk 0:56:37]}
25. Qh5 {[%clk 1:10:06]} Nf3+ {[%clk 0:56:48]} 0-1

[Event "Girls U14 Polish Youth Championship"]
[Site "chess24.com"]
[Date "2018.05.03"]
[Round "7"]
[White "Kulpa, Karolina"]
[Black "Mucha, Marta"]
[Result "0-1"]
[Board "18"]
[WhiteElo "1288"]
[WhiteCountry "POL"]
[WhiteFideId "21836620"]
[WhiteEloChange "-6"]
[BlackElo "1432"]
[BlackCountry "POL"]
[BlackFideId "1195123"]
[BlackEloChange "6"]

1. d4 {[%clk 1:30:56]} d5 {[%clk 1:30:49]} 2. c4 {[%clk 1:31:18]} c6 {[%clk
1:31:03]} 3. Nf3 {[%clk 1:31:30]} Nf6 {[%clk 1:30:50]} 4. Nc3 {[%clk 1:31:03]}
Bf5 {[%clk 1:30:16]} 5. Qb3 {[%clk 1:29:34]} Qb6 {[%clk 1:28:42]} 6. c5 {[%clk
1:28:24]} Qxb3 {[%clk 1:27:29]} 7. axb3 {[%clk 1:28:42]} Nbd7 {[%clk 1:25:08]} 8.
Bf4 {[%clk 1:27:20]} e6 {[%clk 1:24:16]} 9. e3 {[%clk 1:26:14]} Be7 {[%clk
1:23:55]} 10. Be2 {[%clk 1:25:37]} Nh5 {[%clk 1:20:38]} 11. Bg3 {[%clk 1:21:35]}
Nxg3 {[%clk 1:20:26]} 12. hxg3 {[%clk 1:21:50]} h6 {[%clk 1:18:19]} 13. b4 {[%clk
1:18:57]} O-O {[%clk 1:17:47]} 14. b5 {[%clk 1:15:51]} f6 {[%clk 1:14:56]} 15.
O-O {[%clk 1:11:42]} e5 {[%clk 1:13:36]} 16. bxc6 {[%clk 1:08:38]} bxc6 {[%clk
1:13:44]} 17. Ra6 {[%clk 1:08:22]} Rfc8 {[%clk 1:05:27]} 18. Rfa1 {[%clk
1:05:25]} Rc7 {[%clk 0:54:10]} 19. b4 {[%clk 1:01:35]} Nb8 {[%clk 0:51:07]} 20.
R6a5 {[%clk 0:58:29]} Bd7 {[%clk 0:50:34]} 21. dxe5 {[%clk 0:56:31]} fxe5 {[%clk
0:50:43]} 22. Nxe5 {[%clk 0:56:40]} Bf6 {[%clk 0:50:41]} 23. f4 {[%clk 0:55:56]}
Bxe5 {[%clk 0:50:06]} 24. fxe5 {[%clk 0:56:10]} Rb7 {[%clk 0:49:04]} 25. b5
{[%clk 0:54:22]} cxb5 {[%clk 0:49:03]} 26. Nxb5 {[%clk 0:54:03]} Nc6 {[%clk
0:49:08]} 27. Ra6 {[%clk 0:52:48]} Nxe5 {[%clk 0:48:38]} 28. Nxa7 {[%clk
0:51:42]} Rb2 {[%clk 0:47:23]} 29. Bf1 {[%clk 0:48:47]} Rc2 {[%clk 0:46:48]} 30.
R6a5 {[%clk 0:46:11]} Nc4 {[%clk 0:46:05]} 31. Bxc4 {[%clk 0:42:59]} Rxc4 {[%clk
0:46:16]} 32. Rd1 {[%clk 0:40:13]} Bg4 {[%clk 0:41:43]} 33. Rb1 {[%clk 0:31:39]}
Rc2 {[%clk 0:38:42]} 34. c6 {[%clk 0:26:35]} Rf8 {[%clk 0:37:25]} 35. Rf1 {[%clk
0:24:36]} Re8 {[%clk 0:33:27]} 36. Ra3 {[%clk 0:19:29]} Rb8 {[%clk 0:32:35]} 37.
c7 {[%clk 0:13:37]} Rbb2 {[%clk 0:32:25]} 38. Rfa1 {[%clk 0:12:58]} Rxg2+ {[%clk
0:31:42]} 39. Kh1 {[%clk 0:11:08]} Rh2+ {[%clk 0:31:07]} 40. Kg1 {[%clk 0:11:21]}
Rbg2+ {[%clk 0:31:22]} 41. Kf1 {[%clk 0:11:20]} Be2+ {[%clk 0:31:12]} 42. Ke1
{[%clk 0:11:26]} Ba6 {[%clk 0:31:15]} 43. c8Q+ {[%clk 0:11:26]} Bxc8 {[%clk
0:31:35]} 44. Kf1 {[%clk 0:10:08]} Bh3 {[%clk 0:31:25]} 45. Ra4 {[%clk 0:08:18]}
Rh1# {[%clk 0:31:46]} 0-1